Operations research an introduction (Record no. 58067)

MARC details
000 -LEADER
fixed length control field 00251nam a22001097a 4500
082 ## - DEWEY DECIMAL CLASSIFICATION NUMBER
Classification number 001.424MAR
100 ## - MAIN ENTRY--AUTHOR NAME
Personal name Mariappan
245 ## - TITLE STATEMENT
Title Operations research an introduction
260 ## - PUBLICATION, DISTRIBUTION, ETC. (IMPRINT)
Place of publication New Delhi
Name of publisher Pearson education
Year of publication 2013
300 ## - PHYSICAL DESCRIPTION
Number of Pages 375
942 ## - ADDED ENTRY ELEMENTS (KOHA)
Koha item type Books
Holdings
Withdrawn status Lost status Home library Current library Date acquired Cost, normal purchase price Full call number Accession Number Koha item type
    Central Library, QUEST, Nawabshah Central Library, QUEST, Nawabshah 27/10/2017 627.00 001.424MAR 56892 Books